Già hoá dân số ở Việt Nam và những vấn đề đặt ra đối với chính sách người cao tuổi /
Saved in:
| Main Author: | |
|---|---|
| Format: | Article |
| Language: | Vietnamese |
| Subjects: | |
| Tags: |
Add Tag
No Tags, Be the first to tag this record!
|
| Institutions: | Thư viện Trường Đại học Đà Lạt |
|---|
| LEADER | 00911nam a2200325 4500 | ||
|---|---|---|---|
| 001 | DLU040030467 | ||
| 040 | # | # | |a DLU |b vie |
| 041 | # | # | |a vie |
| 044 | # | # | |a vn |
| 100 | # | # | |a Bùi Thế Cường |
| 245 | # | # | |a Già hoá dân số ở Việt Nam và những vấn đề đặt ra đối với chính sách người cao tuổi / |c Bùi Thế Cường |
| 651 | # | # | |a Việt Nam |
| 653 | # | # | |a Dân cư |
| 653 | # | # | |a Dân số |
| 653 | # | # | |a Người cao tuổi |
| 653 | # | # | |a Phúc lợi xã hội |
| 773 | # | # | |t Xã hội học |g Số 1, 2001, tr 24 - 29 |
| 920 | # | # | |a Phòng Tạp chí -- Trung tâm Thông tin - Thư viện Trường Đại học Đà Lạt |
| 933 | # | # | |a CP |
| 933 | # | # | |a DL |
| 933 | # | # | |a QT |
| 994 | # | # | |a DLU |
| 900 | # | # | |a True |
| 911 | # | # | |a Trần Văn Thống Nhất |
| 925 | # | # | |a G |
| 926 | # | # | |a A |
| 927 | # | # | |a BB |
| 980 | # | # | |a Thư viện Trường Đại học Đà Lạt |